Судова техніко-криміналістична експертиза документів: сучасні можливості дослідження та перспективи розвитку (Запис № 458944)

МАРК-запис
000 -Лідер
fixed length control field 03605nam a22002657a 4500
001 - Контрольний номер
control field 216216928
003 - Ідентифікатор контрольного номера
control field UA-OsUOA
005 - Дата та час останнього входження (трансакції)
control field 20201117124023.0
008 - Елементи даних фіксованої довжини – загальна інформація
fixed length control field 200421b un ||||| m||| 00| 0 ukr d
040 ## - Джерело каталогізації
Агенція оригінальної каталогізації UA-OsUOA
Мова каталогізації ukr
Агенція, яка здійснювала перезапис UA-OsUOA
Агенція, яка здійснювала модифікацію UA-OsUOA
041 ## - Код мови
Код мови тексту/ звукової доріжки чи окремого заголовка (П) ukr
080 ## - Індекс Універсальної десяткової класифікації
Індекс Універсальної десяткової класифікації (УДК) (НП) 343.983.25
090 ## - Локальний шифр розміщення
Класифікаційний індекс УДК 343.983.25
095 ## - Код спеціальності для авторефератів
Код спеціальності 12.00.09
Назва спеціальності кримінальний процес та криміналістика; судова експертиза; оперативно-розшукова діяльність
100 ## - Основне введення – ім’я особи
Ім’я особи (НП) Гонгало С. Й.
245 ## - Відомості про назву
Назва (НП) Судова техніко-криміналістична експертиза документів: сучасні можливості дослідження та перспективи розвитку
Дані про відповідальність (НП) Гонгало Сергій Йосипович ; наук. керівник Клименко Ніна Іванівна
260 ## - Публікація, розповсюдження і т.п. (Вихідні дані)
Місце публікації, розповсюдження і т.п. (П) Київ
Дата публікації, розповсюдження і т.п. (П) 2013
300 ## - Фізичний опис
Обсяг 20 с.
502 ## - Примітка про дисертацію
Зв'язок Автореферат дисертації на здобуття наукового ступеня кандидата юридичних наук<br/>
Наймення інституції, що представляється Київський національний університет імені Тараса Шевченка
Рік отримання вченого ступеня 2013
520 ## - Резюме і т.п.
Резюме, реферат, анотація, тощо (НП) Дисертація присвячена комплексному дослідженню проведення судової техніко-криміналістичної експертизи документів, сучасним можливостям і перспективам розвитку. Судова техніко-криміналістична експертиза документів призначається при розслідуванні різних злочинів: крадіжок, шахрайства, злочинів в сфері економіки, фальшивомонетництва тощо і становить від загальної кількості проведених криміналістичних експертиз 4% в експертних підрозділах ДНДЕКЦ МВС України та 20% в підрозділах НДІСЕ Міністерства юстиції України. Працівникам правоохоронних органів слід знати можливості експертних досліджень традиційних документів і їх сучасних аналогів. На основі аналізу праць вітчизняних і зарубіжних вчених-криміналістів визначено генезу поняття "документ", надано класифікацію документів за способом виготовлення та функціональним призначенням і показані можливості їх дослідження. Розглянуті традиційні та нові експертні методики. Показані перспективи вдосконалення їх дослідження і розвитку. Розкрито значення висновку експерта техніко-криміналістичного дослідження документів як джерела доказів у кримінальному судочинстві.
650 ## - Додаткове предметне введення – тематичний термін
Джерело заголовка чи терміна UDC
Тематичний термін чи географічна назва, як елемент введення (НП) 343 Кримінальне право. Карні порушення
942 ## - Додаткові елементи входу (Коха)
Source of classification or shelving scheme Universal Decimal Classification
Тип елемента Koha Автореферат
955 ## - Код типу видання за змістом
Код типу видання за змістом (НП) Наукові видання

Немає доступних примірників.